Datum a čas kvízu

33.5 Celkem bodů Celkový počet nahraných bodů na tomto kvízu bez doplňovacích otázek.
6. Pořadí na kvízu Konečné umístění týmu na tomto kvízu.

Zaznamenané odpovědi

# Otázka Odpověď Body Výsledky
1. Nezvyklou předehru měl odlet č... drogy 0
2. Jistě jste i vy zaznamenali ma... DNS 0
3. Na výstavě EXPO v Dubaji byla... David, Michelangelo (Buonarotti) 1
4. Společnost Blue Origin Jeffa B... James T. Kirk 1
5. Jak se jmenuje britský boxer,... Tyson Fury 1
-14. Po Středočeském kraji nás v da... Španělský sál 1
-13. Oblíbenou atrakcí našeho hlavn... Nebozízek 1
-12. Místem, které rozhodně stojí z... Moja 1
-11. Kterou z následujících soch ne... D 0
-10. Seřaďte následující zahraniční... 1A 2D 3B 4C 0